Gares sur la ligne de Valence à Chambéry - Statistiques

Statistiques générales
  • Ce quiz a été pris 40 fois
  • Le résultat moyen est 9 sur 21
Statistiques - réponses
Département Gare % Correct
(38) Grenoble
92%
Drôme (26) Valence-Ville
86%
(26) Valence TGV
76%
(38) Saint-Marcellin
68%
Savoie (73) Chambéry - Challes-les-Eaux
62%
(38) Moirans
62%
Drôme (26) Romans - Bourg-de-Péage
57%
(38) Tullins-Fures
46%
Savoie (73) Montmélian
43%
(38) Echirolles
38%
Isère (38) Saint-Hilaire - Saint-Nazaire
30%
(38) Voreppe
30%
(38) Vinay
27%
(38) Moirans-La Galifette
24%
(38) Goncelin
22%
(38) Brignoud
19%
(38) Grenoble-Universités-Gières
19%
(38) Lancey
19%
(38) Poliénas
19%
Isère (38) Pontcharra-sur-Bréda - Allevard
16%
(38) Saint-Egrève-Saint-Robert
16%
Aucun quiz correspondant
Distribution des résultats
% des personnes avec chaque résultat
Percentile par nombre de réponses
Votre historique - résultats
Vous n’avez pas pris ce quiz